Statistiken für Europäische Städte mit mehr als 50 km Straßenbahn

Klicken Sie hier um das Quiz zu spielen!

Allgemein

  • Dieses Quiz wurde 460 mal gespielt
    (456 seit der letzten Aktualisierung)
  • Das Durchschnittsergebnis liegt bei 33 aus 93

Antwortstatistiken

KmTram Stadt% Korrekt
190Berlin
97%
79München
91%
105Paris
88%
181Moskau
84%
176.9Wien
79%
124Warschau
78%
67.3Frankfurt am Main
74%
142.4Prag
73%
80.5Amsterdam
71%
156.9Budapest
69%
170Mailand
69%
132.7Dresden
68%
138.9Brüssel
67%
78Düsseldorf
66%
148.3Leipzig
66%
72.9Zürich
65%
141.1Kiew
64%
205.5St.Petersburg
64%
131.4Oslo
62%
143Bukarest
61%
114.6Bremen
59%
96Helsinki
56%
85Krakau
55%
53.3Lyon
55%
116.3Zagreb
55%
75Rotterdam
54%
154Sofia
51%
52.2Danzig
50%
58Turin
49%
65.7Basel
48%
52.4Essen
48%
62.8Minsk
48%
182Riga
44%
59.8Graz
42%
61Mannheim / Ludwigshafen
41%
72Antwerpen
38%
105Den Haag
35%
71.5Karlsruhe
34%
Deutschland
33%
84Breslau
32%
55.5Strassburg
32%
Frankreich
30%
Russland
30%
141Lodz
29%
Italien
28%
93.9Kassel
28%
184Kassel (regioTram)
28%
94Göteborg
27%
Österreich
27%
Polen
27%
65.6Posen
27%
Schweiz
27%
Spanien
27%
60Stettin
27%
70 Brünn
26%
87.6Halle
26%
Tschechien
26%
Belgien
24%
Niederlande
24%
Ukraine
24%
Schweden
23%
Ungarn
23%
Norwegen
22%
Finnland
21%
108Wolgograd
21%
187Kasan
20%
98.5Nischni Nowgorod
20%
Rumänien
20%
Kroatien
19%
Bulgarien
18%
Weissrussland
18%
102Kaliningrad
17%
183Jekaterinburg
16%
Lettland
15%
73.5Lwiw
15%
60Omsk
15%
123Krasnodar
14%
168.2Samara
13%
117Nowosibirsk
11%
65.7Donetsk
10%
65.7Ostrau
10%
110Perm
10%
87.8Dnipro
9%
56Montpellier
9%
141.2Alicante
4%
142Saratow
4%
72Kusttram
2%
86Pawlodar
2%
92.1Tula
2%
180Twer
2%
75.5Ischewsk
1%
164.2Magnitogorsk
1%
72.8Mykolajiw
1%

Verteilung der Resultate

Perzentil nach korrekt beantworteten Fragen

Anzahl Personen mit jedem Resultat

Ihre Resultats-Entwicklung

Sie haben dieses Quiz seit der letzten Aktualisierung nicht gespielt